<A> Building enterprise on the market

Využívanie najpoužívanejších metód ako SWOT analýza a marketingový výskum v prostredí stavebných podnikov a prieskum vzájomných vzťahov medzi trhmi, ktoré sú ovplyvňované stavebným trhom a účastníkmi procesu výstavby.

Na minha lista:
Detalhes bibliográficos
Autor principal: Radziszewska-Zielina, Alžbieta
Formato: Capítulo de Livro
Idioma:inglês
Assuntos:
Tags: Adicionar Tag
Sem tags, seja o primeiro a adicionar uma tag!

MARC

LEADER 00000naa$a2200000$$$4500
001 0086025
005 20230908101858.8
041 0 |a eng 
044 |a SK 
245 1 0 |a <A> Building enterprise on the market  |c Alžbieta Radziszewska-Zielina 
520 |a Využívanie najpoužívanejších metód ako SWOT analýza a marketingový výskum v prostredí stavebných podnikov a prieskum vzájomných vzťahov medzi trhmi, ktoré sú ovplyvňované stavebným trhom a účastníkmi procesu výstavby. 
610 2 0 |a analýza swot 
610 2 0 |a podnik stavebný 
610 2 0 |a trh 
610 2 0 |a marketing 
610 2 0 |a výskum ekonomický 
610 2 0 |a analýza ekonomická 
610 2 0 |a konkurencieschopnosť 
100 1 |a Radziszewska-Zielina, Alžbieta